00395nam a2200157Ia 45000010006000000050017000060080041000230410008000640820015000721000036000872450061001232600009001843000028001936500008002216540008002292035120260306172800.0260306t2014||||xx |||||||||||||| ||spa|| aESP a343.2bG98 aGuzmán Napuri, ChristianeAUT 0aLa constitución política:b: un análisis funcional c2014 a870 páginas :c25 cm. aGEN aCDE